| 000 | 00961cam a22002891 4500 | ||
|---|---|---|---|
| 001 | 34466 | ||
| 003 | BD-RjUL | ||
| 005 | 20211209052150.0 | ||
| 008 | 140517t1962 nyu 000 0 eng | ||
| 035 | _a(BD-RjUL)34560 | ||
| 035 | _a(OCoLC)256102 | ||
| 040 |
_aDLC _cODaWU _dOCoLC _dDLC _dBD-RjUL _beng |
||
| 041 | _aeng | ||
| 082 | 0 | 4 |
_a303.38 _bCHV 1962 |
| 100 | 1 |
_aChristenson, Reo Millard, _d1918- _9103154 |
|
| 245 | 1 | 0 |
_aVoice of the people : _breadings in public opinion and propaganda / _c[by] Reo M. Christenson [and] Robert O. McWilliams. |
| 260 |
_aNew York : _bMcGraw-Hill, _cc1962. |
||
| 300 |
_a585 p. ; _c23 cm. |
||
| 490 | 1 | _aMcGraw-Hill series in political science | |
| 650 | 0 |
_aPublic opinion. _9104818 |
|
| 650 | 0 |
_aPropaganda. _9104819 |
|
| 700 | 1 |
_aMcWilliams, Robert Owen, _d1921- _ejoint comp. _9103158 |
|
| 830 | 1 |
_aMcGraw-Hill series in political science _9105584 |
|
| 942 |
_2ddc _cBK |
||
| 999 |
_c34466 _d34466 |
||